000 01062nam a2200289 4500
001 0000020268
003 CO-CtgCURN
005 20250513160934.0
007 ta
008 160627s2003 000 0 eng d
020 _a9587070089
040 _aCO-CtgCURN
_bspa
_ccoctgcurn
082 0 _a345.0263
_bM17f
100 1 _aMartínez López, Antonio José.
245 1 0 _aFalsedad, estafa y fraude mediante cheque :
_bnuevo Código penal, doctrina y jurisprudencia /
_cAntonio José Martínez López.
260 _aBogotá :
_bLibreria Ediciones del profesional,
_c2003.
300 _axviii, 232 p.
336 _2rdacontent
337 _2rdamedia
_asin mediacion
_bn
338 _2rdacarrier
_avolumen
_bnc
500 _aIncluye apendice.
505 8 _aFundamentacion dogmatica.--El documento.--Falsedad documental.--Delitos de falsedad documental.--Estafa.--Fraude mediante cheque
650 1 4 _aFalsificacion.
908 _a160627
942 _cBK
_h345.0263
_iM17f
_2ddc
_n0
999 _c19812
_d19812